000 00685nam a2200253Ia 4500
003 OSt
005 20220918210623.0
006 a|||||r|||| 00| 0
007 ta
008 220917b |||||||| |||| 00| 0 eng d
024 _a121,166
037 _cTextual
040 _aARTS
_cARTS
_beng
041 _2eng
_aeng
082 _aV79.N7, L8
100 _aHennessy Alistair
_9118756
245 0 _aFrontier in Latin American history
260 _aLondon
_bEdward Aronld
_c1978
300 _a202p.
_ccm.
500 _aBibliography p 164-187; Glossary p188-194
650 _aHISTORY
942 _hV79.N7, L8
_cTEXL
_2CC
999 _c244395
_d244395